000 00628nam a22002177a 4500
003 UA-OsUOA
001 55218
007 ta
008 20080818b un ||||| |||| 00| 0 ukr d
090 _a330.1(075.8)
_bО-75
942 _cBK
040 _aUA-OsUOA
_bukr
_cUA-OsUOA
_dUA-OsUOA
245 _aОснови економічної теорії
_cЗа ред. Ніколенка Ю. В.
300 _a540 с.
955 _a2
041 _aukr
080 _a330.1(075.8)
260 _aК.
_bЦентр навчальної літератури
_c2003
650 7 _a330 Економіка взагалі
_2UDC
999 _c341297
_d341297